Une lettre suffit pour répondre juste #104 (attention 10 lettres tuent) - Statistiques

Statistiques générales
  • Ce quiz a été pris 39 fois
  • Le résultat moyen est 3 sur 6
Statistiques - réponses
Hint Réponse % Correct
Donne une des 5 lettres qui complète la traduction de l'espadon en anglais : _ _ _ _ _ fish SWORD
100%
Donne une des 4 lettres qui complète le nom de ce cocktail de la cuisine hawaïenne (culture Tiki), à base de rhum, de curaçao bleu, de lait de coco, et de jus d'ananas : _ _ _ _ Hawaii
BLUE
51%
Donne une des 2 lettres qui complète le nom de cette recette de cuisine traditionnelle emblématique historique de la cuisine française : _ o _-au-feu
PT
40%
Donne une des 3 lettres qui complète le nom du belge vainqueur du Tour de France de cyclisme de 1976 : Lucien _ _ _ Impe
VAN
40%
Donne la lettre manquante du nom du dieu du sommeil, fils de Nyx, frère de Thanatos et Moros dans la mythologie grecque : _ypnos
H
37%
Donne la lettre qui est doublée, autre que le O, dans le nom de la deuxième île la plus grande du Japon ici en rouge :
K (hoKKaidō)
20%
Aucun quiz correspondant
Distribution des résultats
% des personnes avec chaque résultat
Percentile par nombre de réponses
Votre historique - résultats
Vous n’avez pas pris ce quiz